000 01109cam a22002897a 4500
003 CHAP
005 20220329140931.0
008 971013s1985 r 10010 d
010 _a60024
011 _a60996
035 _a65160
040 _cCHAP
082 _a634.772063
_bA8r 1985
111 0 0 _aAsociación para la Cooperación en Investigaciones de Banano en el Caribe y en América Tropical. Reunión (
_n7
_d: 1986
_c: San José, C.R.)
_98108
245 0 _aResúmenes
260 _aSan José, C. R. :
_bAsociación para la Cooperación en Investigaciones de Banano en el Caribe y en América Tropical,
_c1985
300 _a130 h.
590 _aBATCH-UPD
_b10
_c20130110
_lUCH01
_h2245
590 _aBATCH-UPD
_b10
_c20130410
_lUCH01
_h1539
590 _aBATCH-UPD
_b10
_c20130914
_lUCH01
_h1922
590 _aCONVERSION
_b10
_c20130109
_lUCH01
_h1332
650 1 4 _aPlátano
_xCongresos.
_989221
901 _aBK
942 _cLIBRO
949 _a634.772063 A8r 1985
_bBC
_cLIBRO
_d33724000210514
_eLIBRO
_h71434
_i65160
_si
949 _a634.772063 A8r 1985
_bBC
_cLIBRO
_d33724000210522
_eLIBRO
_fc.2
_h73310
_i65160
_si
999 _c60024
_d60024